Statistics for Civilization VI Leaders

Click here to take the quiz!

General Stats

  • This quiz has been taken 4 times
  • The average score is 39 of 91

Answer Stats

HintAnswer% Correct
Macedon (VI)Alexander the Great
100%
Greece (V)Alexander the Great
100%
Huns (V)Attila
100%
Russia (V)Catherine the Great
100%
Egypt (VI)Cleopatra
100%
Phoenicia (VI)Dido
100%
Carthage (V)Dido
100%
Mongolia (V&VI)Genghis Khan
100%
USA (V)George Washington
100%
India (V&VI)Mahatma Gandhi
100%
Germany (V)Otto von Bismarck
100%
USA (VI)Theodore Roosevelt
100%
Celts (V)Boudicca
75%
Persia (V)Cyrus the Great
75%
Persia (VI)Darius I.
75%
England (V)Elizabeth I.
75%
China (VI)Kublai Khan
75%
Mongolia (VI)Kublai Khan
75%
Mali (VI)Mansa Musa
75%
Aztec (V&VI)Montezuma
75%
France (V)Napoleon
75%
Zulu (V&VI)Shaka
75%
England (VI)Victoria
75%
Netherlands (V)William
75%
China (V)Wu Zetian
75%
France (VI)Catherine de Medici
50%
Sumeria (VI)Gilgamesh
50%
Ethiopia (V)Haile Selassie
50%
Babylon (VI)Hammurabi
50%
Spain (V)Isabella
50%
Japan (V)Oda Nobunaga
50%
Inca (V&VI)Pachacuti
50%
Brazil (V&VI)Pedro II.
50%
Russia (VI)Peter the Great
50%
Egypt (V)Ramesses II.
50%
Scotland (VI)Robert the Bruce
50%
Arabia (VI)Saladin
50%
Gran Colombia (VI)Simon Bolivar
50%
Byzantium (V)Theodora
50%
Morocco (V)Ahmad Al Mansur
25%
Nubia (VI)Amanitore
25%
Gauls (VI)Ambiorix
25%
Songhai (V)Askia
25%
Rome (V)Augustus Caesar
25%
Byzantium (VI)Basil II.
25%
Vietnam (VI)Ba Trieu
25%
Poland (V)Casimir III.
25%
India (VI)Chandragupta
25%
France (VI)Eleanor of Aquitaine
25%
England (VI)Eleanor of Aquitaine
25%
Venice (V)Enrico Dandolo
25%
Germany (VI)Frederick Barbarossa
25%
Indonesia (VI)Gitarja
25%
Greece (VI)Gorgo
25%
Denmark (V)Harald Bluetooth
25%
Norway (VI)Harald Hardrada
25%
Iroquois (V)Hiawatha
25%
Japan (VI)Hojo Tokimune
25%
Poland (VI)Jadwiga
25%
Khmer (VI)Jayavarman VII.
25%
Portugal (VI)Joao III.
25%
Australia (VI)John Curtin
25%
Sweden (VI)Kristina
25%
Maori (VI)Kupe
25%
Maya (VI)Lady Six Sky
25%
Mapuche (VI)Lautaro
25%
Portugal (VI)Maria I.
25%
Hungary (VI)Matthias Corvinus
25%
Ethiopia (VI)Menelik II.
25%
Kongo (VI)Mvemba a Nzinga
25%
Babylon (V)Nebuchadnezzar II.
25%
Greece (VI)Pericles
25%
Cree (VI)Poundmaker
25%
Korea (V)Sejong
25%
Korea (VI)Seondeok
25%
Ottomans (V&VI)Suleiman the Magnificent
25%
Georgia (VI)Tamar
25%
Scythia (VI)Tomyris
25%
Rome (VI)Trajan
25%
Netherlands (VI)Wilhelmina
25%
Assyria (V)Assurbanipal
0%
Indonesia (V)Gajah Mada
0%
Sweden (V)Gustavus II. Adolphus
0%
Arabia (V)Harun al-Rashid
0%
Austria (V)Maria Theresia
0%
Maya (V)Pacal
0%
Spain (VI)Philipp II.
0%
Shoshone (V)Pocatello
0%
China (VI)Qin Shi Huang Di
0%
Siam (V)Ramkamhaeng
0%
Canadia (VI)Wilfried Laurier
0%

Score Distribution

Percentile by Number Answered

Percent of People with Each Score

Your Score History

You have not taken this quiz